[Event "GER-ch U08"]
[Site "Willingen"]
[Date "2022.06.11"]
[Round "7"]
[White "Shynkar, Darya"]
[Black "Ding, Jerry Yunjie"]
[Result "1/2-1/2"]
[WhiteElo "1001"]
[BlackElo "1050"]
[PlyCount "79"]
[EventDate "2022.06.07"]
[EventType "swiss"]
[EventRounds "7"]
[EventCountry "GER"]
[SourceTitle "EXT 2023"]
[Source "ChessBase"]
[SourceDate "2022.10.05"]
[SourceVersion "1"]
[SourceVersionDate "2022.10.05"]
[SourceQuality "1"]

1. d4 d5 2. c4 e6 3. Nc3 Be7 4. cxd5 exd5 5. Qc2 Nf6 6. h3 b6 7. e3 Bb7 8. Bd3 Nbd7 9. Nf3 c6 10. 0-0 0-0 11. Re1 Qc7 12. Bd2 Rac8 13. Rac1 Bd6 14. Qd1 Rfe8 15. a3 Qd8 16. b4 h6 17. Rb1 Ne4 18. Qc2 c5 19. bxc5 Bc7 20. Qa2 Ndf6 21. Bb5 Re6 22. Bd3 Bc6 23. cxb6 axb6 24. Rec1 Qe7 25. Nb5 Bd8 26. Bb4 Qd7 27. Ne5 Qb7 28. Bxe4 Nxe4 29. Nxc6 Rcxc6 30. Rxc6 Qxc6 31. a4 Bf6 32. Qb2 Re8 33. Rc1 Qb7 34. Rc7 Qb8 35. Rc1 Rc8 36. Rxc8+ Qxc8 37. Nd6 Nxd6 38. Bxd6 Qd7 39. Qb3 Bd8 40. Bg3 1/2-1/2

[Event "GER-ch U08"]
[Site "Willingen"]
[Date "2022.06.09"]
[Round "3"]
[White "Subocz, Emma"]
[Black "Ding, Jerry Yunjie"]
[Result "0-1"]
[WhiteElo "775"]
[BlackElo "1050"]
[PlyCount "62"]
[EventDate "2022.06.07"]
[EventType "swiss"]
[EventRounds "7"]
[EventCountry "GER"]
[SourceTitle "EXT 2023"]
[Source "ChessBase"]
[SourceDate "2022.10.05"]
[SourceVersion "1"]
[SourceVersionDate "2022.10.05"]
[SourceQuality "1"]

1. e4 c5 2. c3 Nf6 3. e5 Nd5 4. d4 cxd4 5. cxd4 g6 6. Bc4 Nb6 7. b3 Bg7 8. Nf3 0-0 9. 0-0 Nc6 10. d5 Nxe5 11. Nxe5 Bxe5 12. Qe1 Bxa1 13. Bh6 Bg7 14. Bg5 h6 15. Bxe7 Qe8 16. Qb4 a5 17. Qa3 Nxc4 18. bxc4 d6 19. Bxd6 Qe4 20. Nd2 Qd4 21. Bxf8 Bxf8 22. Qc1 Bg4 23. Nb3 Qe5 24. c5 a4 25. Nd2 Qd4 26. h3 Bf5 27. Nf3 Qxc5 28. Qd2 Qc2 29. Qe3 Bc5 30. Nd4 Qd3 31. Qxh6 Bxd4 0-1

[Event "GER-ch U08"]
[Site "Willingen"]
[Date "2022.06.08"]
[Round "1"]
[White "Classen, Meara"]
[Black "Ding, Jerry Yunjie"]
[Result "0-1"]
[WhiteElo "779"]
[BlackElo "1050"]
[PlyCount "76"]
[EventDate "2022.06.07"]
[EventType "swiss"]
[EventRounds "7"]
[EventCountry "GER"]
[SourceTitle "EXT 2023"]
[Source "ChessBase"]
[SourceDate "2022.10.05"]
[SourceVersion "1"]
[SourceVersionDate "2022.10.05"]
[SourceQuality "1"]

1. e4 c5 2. Nf3 d6 3. Nc3 Nf6 4. d3 g6 5. Bg5 Bg7 6. Be2 0-0 7. 0-0 h6 8. Bh4 Nc6 9. d4 g5 10. Bg3 cxd4 11. Nxd4 Bd7 12. Nf3 Rc8 13. Bb5 a6 14. Ba4 b5 15. Bb3 b4 16. Nd5 Nxe4 17. Qd3 Nc5 18. Qc4 Bxb2 19. Rae1 Bg7 20. Nxe7+ Nxe7 21. Re2 Bb5 22. Qg4 Bxe2 23. Re1 Nxb3 24. cxb3 Rc2 25. Qe4 Qc7 26. h3 Rxa2 27. Qb1 Ra1 28. Qe4 Bxf3 29. Qe3 Nf5 30. Qd2 Bc3 31. Qc2 Rxe1+ 32. Kh2 Nxg3 33. Kxg3 Be5+ 34. Kxf3 Qxc2 35. g3 Qxb3+ 36. Kg2 f5 37. f3 Re2+ 38. Kf1 Qd1# 0-1

[Event "GER-ch U08"]
[Site "Willingen"]
[Date "2022.06.08"]
[Round "2"]
[White "Ding, Jerry Yunjie"]
[Black "Besou, Jad"]
[Result "0-1"]
[WhiteElo "1050"]
[BlackElo "957"]
[PlyCount "93"]
[EventDate "2022.06.07"]
[EventType "swiss"]
[EventRounds "7"]
[EventCountry "GER"]
[SourceTitle "EXT 2023"]
[Source "ChessBase"]
[SourceDate "2022.10.05"]
[SourceVersion "1"]
[SourceVersionDate "2022.10.05"]
[SourceQuality "1"]

1. e4 e5 2. Nf3 Nc6 3. Bc4 Bc5 4. c3 Nf6 5. d3 Na5 6. Bb5 Nc6 7. h3 d6 8. a4 a5 9. Nbd2 0-0 10. g4 h5 11. g5 Nh7 12. Nf1 h4 13. Qd2 Nb4 14. Nxh4 c6 15. Bc4 d5 16. Bb3 dxe4 17. dxe4 Qxd2+ 18. Bxd2 Nd3+ 19. Ke2 Nxf2 20. Rh2 Nxh3 21. g6 Ng1+ 22. Ke1 Be7 23. gxh7+ Kh8 24. Bxf7 Bxh4+ 25. Rxh4 Nf3+ 26. Ke2 Nxh4 27. Bh5 g6 28. Bh6 Rf7 29. Bxg6 Nxg6 30. Rd1 Kxh7 31. Bg5 Bg4+ 32. Ke1 Bxd1 33. Kxd1 Rxf1+ 34. Ke2 Rg1 35. Be3 Nf4+ 36. Kf2 Rg2+ 37. Kf3 Rag8 38. Bf2 Rxf2+ 39. Kxf2 Rg2+ 40. Kf3 Rxb2 41. c4 b5 42. cxb5 cxb5 43. axb5 a4 44. b6 a3 45. b7 Rxb7 46. Ke3 Rb3+ 47. Kd2 0-1